La extinción de los actos administrativos: la revocación, la invalidación y la declaración de nulidad de derecho público
Gorde:
| Egile nagusia: | |
|---|---|
| Formatua: | Liburua |
| Hizkuntza: | gaztelania |
| Argitaratua: |
Santiago
Circulo Legal Editores
2015
|
| Edizioa: | 1a. ed |
| Gaiak: | |
| Etiketak: |
Etiketa erantsi
Etiketarik gabe, Izan zaitez lehena erregistro honi etiketa jartzen!
|
MARC
| LEADER | 00000cam a2200000 a 4500 | ||
|---|---|---|---|
| 001 | UCE8400 | ||
| 003 | CL-VaPUC | ||
| 008 | 150731e20150000cl |||||||||||||||||spa|d | ||
| 020 | |a 9789568396282 | ||
| 082 | 0 | 4 | |a 342.8306 |b ALM |2 21 |
| 100 | 0 | |a Almonacid Faúndez, Francisco |e author |9 581120 | |
| 245 | 1 | 3 | |a La extinción de los actos administrativos: la revocación, la invalidación y la declaración de nulidad de derecho público |
| 250 | |a 1a. ed | ||
| 300 | |a 384 p | ||
| 942 | |c BK | ||
| 945 | |d 20150731 12:25:00 |a gsalatino | ||
| 260 | |a Santiago |b Circulo Legal Editores |c 2015 | ||
| 650 | 0 | |a Derecho administrativo |9 254851 | |
| 650 | 0 | |a Actos administrativos |9 256128 | |
| 583 | |a last modification |c 20150731 12:25:00 |k Rodrigo Vera | ||
| 999 | |c 360270 |d 360268 | ||
| 952 | |0 0 |1 0 |3 erd |4 0 |6 342_830600000000000_ALM_2015 |7 0 |8 A |9 469978 |a BIBDER |b BIBDER |i 5191947 |l 1 |m 2 |o 342.8306 ALM 2015 |p 5191947 |r 2023-01-25 |s 2020-01-23 |w 2019-11-23 |y BK |z Catalogado en:20150731 |k DER | ||